000 00872nam a2200253Ia 4500
003 OSt
005 20220923222311.0
006 a|||||r|||| 00| 0
007 ta
008 220922b |||||||| |||| 00| 0 mar d
024 _a204,378
037 _cTextual
040 _aARTS
_cARTS
_bmar
041 _2mar
_amar
082 _aO155,3NDA,RA, 152M3
100 _aनगरकर, राम; खांडसे, दामोदर, अनु.
_9166673
245 0 _aरामनगरी
246 _aRāhinagarī
260 _aनई दिल्ली
_b राधाकृष्ण प्रका0
_c1983
300 _a247पृ0
_ccm.
650 _aमराठी साहित्य
942 _hO155,3NDA,RA, 152M3
_cTEXL
_2CC
999 _c355127
_d355127